[Event "Baku FIDE Grand Prix 2014"]
[Site "Baku AZE"]
[Date "2014.10.02"]
[Round "1.1"]
[White "Mamedyarov,S"]
[Black "Radjabov,T"]
[Result "1/2-1/2"]
[WhiteElo "2764"]
[BlackElo "2726"]

1.c4 e5 2.g3 Nf6 3.Bg2 c6 4.d4 Bb4+ 5.Bd2 Bxd2+ 6.Qxd2 d6 7.Nc3 O-O 8.e3 Be6
9.Rd1 Na6 10.b3 exd4 11.Qxd4 Nb4 12.Qd2 Bf5 13.e4 Re8 14.Nge2 Nxe4 15.Nxe4 Bxe4
16.Bxe4 Rxe4 17.Qxb4 Qe7 18.Rd2 Re8 19.O-O c5 20.Qb5 Rxe2 21.Rxe2 Qxe2 22.Qxb7 Qxa2
23.Qd7 Rf8 24.Qxd6 Qxb3 25.Qxc5 g6 26.Qxa7 Qxc4 27.Qe3 Qe6 28.Qxe6 fxe6 29.Re1 Kf7
30.Kg2 Rd8 31.Re3  1/2-1/2

[Event "Baku FIDE Grand Prix 2014"]
[Site "Baku AZE"]
[Date "2014.10.03"]
[Round "2.6"]
[White "Svidler,P"]
[Black "Mamedyarov,S"]
[Result "1-0"]
[WhiteElo "2732"]
[BlackElo "2764"]

1.d4 d5 2.c4 e6 3.Nc3 Be7 4.cxd5 exd5 5.Bf4 c6 6.e3 Bf5 7.g4 Be6 8.h3 Nd7
9.Qb3 b5 10.Nf3 h6 11.Bd3 Ngf6 12.Qc2 Rc8 13.O-O b4 14.Ne2 c5 15.dxc5 Nxc5
16.Ned4 O-O 17.Rac1 Bd6 18.Ne5 Nxd3 19.Qxd3 Qb6 20.Qb5 Bc5 21.Qxb6 axb6 22.Nd3 Nd7
23.b3 Rfe8 24.Nb5 h5 25.f3 hxg4 26.hxg4 Red8 27.Kg2 f6 28.Rfd1 Bf7 29.Nxc5 Rxc5
30.Nd4 Ra8 31.Bd6 Rxa2+ 32.Kg3 Rb2 33.Ra1 Rc8 34.Bxb4 Nc5 35.Ba3 Rxb3 36.Bxc5  1-0

[Event "Baku FIDE Grand Prix 2014"]
[Site "Baku AZE"]
[Date "2014.10.04"]
[Round "3.5"]
[White "Mamedyarov,S"]
[Black "Andreikin,D"]
[Result "1/2-1/2"]
[WhiteElo "2764"]
[BlackElo "2722"]

1.d4 d5 2.c4 c6 3.Nc3 Nf6 4.Nf3 a6 5.e3 e6 6.Qc2 Nbd7 7.a3 dxc4 8.Bxc4 b5
9.Ba2 c5 10.d5 exd5 11.Nxd5 Bb7 12.e4 c4 13.O-O Be7 14.Nxf6+ Nxf6 15.e5 Nd7
16.Rd1 Qc7 17.Bf4 Nc5 18.b3 Ne6 19.Be3 O-O 20.bxc4 Rac8 21.c5 Bxc5 22.Bxe6 Bxe3
23.Qxc7 Rxc7 24.Bd5 Bxd5 25.Rxd5 Rc1+ 26.Rxc1 Bxc1 27.Rd3 Rc8 28.Kf1 Kf8
29.Rd6 Ra8 30.Rd3 Re8 31.Rd6 Re6 32.Rd8+ Re8 33.Rd6 Re6 34.Rd8+ Ke7 35.Rb8 Bb2
36.a4  1/2-1/2

[Event "Baku FIDE Grand Prix 2014"]
[Site "Baku AZE"]
[Date "2014.10.07"]
[Round "5.4"]
[White "Mamedyarov,S"]
[Black "Grischuk,A"]
[Result "1/2-1/2"]
[WhiteElo "2764"]
[BlackElo "2797"]

1.d4 f5 2.c4 Nf6 3.g3 g6 4.Bg2 Bg7 5.Nc3 d6 6.Nf3 O-O 7.O-O Qe8 8.Re1 Qf7
9.e4 fxe4 10.Ng5 Qxc4 11.Ngxe4 Nxe4 12.Rxe4 Qf7 13.Rf4 Bf6 14.Nd5 g5 15.Rf3 c6
16.Nc7 Bg4 17.d5 cxd5 18.Bxg5 Nd7 19.Nxa8 Bxf3 20.Qxf3 Bxg5 21.Qxd5 Qxd5
22.Bxd5+ Kh8 23.Nc7 Rc8 24.Ne6 Bf6 25.Re1 Nc5 26.Re2 Nxe6 27.Bxe6 Rc1+ 28.Kg2 Rb1
29.Bd5 Rxb2 30.Rxb2 Bxb2 31.Bxb7  1/2-1/2

[Event "Baku FIDE Grand Prix 2014"]
[Site "Baku AZE"]
[Date "2014.10.08"]
[Round "6.3"]
[White "Dominguez Perez,L"]
[Black "Mamedyarov,S"]
[Result "1/2-1/2"]
[WhiteElo "2751"]
[BlackElo "2764"]

1.e4 e5 2.Nf3 Nc6 3.Bb5 a6 4.Ba4 Nf6 5.O-O Be7 6.Re1 b5 7.Bb3 d6 8.a4 Bd7
9.c3 O-O 10.d4 Bg4 11.Na3 exd4 12.cxd4 d5 13.e5 Ne4 14.Nc2 Na5 15.Ba2 c6
16.Ne3 Bh5 17.Nf5 Bb4 18.Re2 Nc4 19.Ng3 Nxg3 20.hxg3 f6 21.b3 Nb6 22.Bb1 bxa4
23.bxa4 Nc4 24.Qd3 Bg6 25.Qb3 Bxb1 26.Qxb4 Bd3 27.Re1 Qa5 28.Qb3 fxe5 29.Ba3 Nxa3
30.Qxd3 e4 31.Qxa3 exf3 32.gxf3 Rae8 33.Re3 h6 34.Qc3 Qxc3 35.Rxc3 Rb8 36.Rxc6 Rxf3
37.Ra2 Rf6 38.Rxf6 gxf6  1/2-1/2

[Event "Baku FIDE Grand Prix 2014"]
[Site "Baku AZE"]
[Date "2014.10.09"]
[Round "7.2"]
[White "Mamedyarov,S"]
[Black "Tomashevsky,E"]
[Result "1/2-1/2"]
[WhiteElo "2764"]
[BlackElo "2701"]

1.d4 d5 2.c4 c6 3.Nf3 Nf6 4.g3 Bf5 5.Nc3 e6 6.Nh4 dxc4 7.Nxf5 exf5 8.e3 Nbd7
9.Bxc4 Nb6 10.Bb3 h5 11.Qd3 Qd7 12.Bd2 h4 13.O-O-O O-O-O 14.f3 Bd6 15.Rhg1 hxg3
16.hxg3 Bc7 17.Kb1 Kb8 18.Bc1 Rhe8 19.e4 fxe4 20.fxe4 Qg4 21.Bf4 Re7 22.Rgf1 Qg6
23.Bc2 Red7 24.Qe3 Qg4 25.a4 Bxf4 26.gxf4 Nc4 27.Qf2 Qe6 28.Qg1 Qe7 29.Bb3 Na5
30.Bc2 Nc4 31.Bb3  1/2-1/2

[Event "Baku FIDE Grand Prix 2014"]
[Site "Baku AZE"]
[Date "2014.10.10"]
[Round "8.6"]
[White "Karjakin,Sergey"]
[Black "Mamedyarov,S"]
[Result "1/2-1/2"]
[WhiteElo "2767"]
[BlackElo "2764"]

1.d4 d5 2.c4 c6 3.Nf3 Nf6 4.Nc3 e6 5.e3 Nbd7 6.Qc2 a6 7.b3 Bd6 8.Bb2 Qe7
9.Be2 e5 10.cxd5 cxd5 11.dxe5 Nxe5 12.O-O O-O 13.Rfd1 Be6 14.Rac1 Rac8 15.Qb1 Rc7
16.h3 Rfc8 17.Qa1 Nxf3+ 18.Bxf3 Ba3 19.Ne2 Rxc1 20.Rxc1 Rxc1+ 21.Qxc1 Bxb2
22.Qxb2 Qd6 23.Qd4 Kf8 24.g4 h6 25.a4 b6 26.Kg2 Ke7 27.b4 Qc6 28.a5 bxa5
29.bxa5 Qb5 30.Qc3 Kd6 31.Nd4 Qc5 32.Qb2 Kc7 33.Nb3 Qb4 34.Qc2+ Kd6 35.Nd4 Bd7
36.Qa2 Bc8 37.Qc2 Bd7 38.Qa2 Bc8 39.Qc2  1/2-1/2

[Event "Baku FIDE Grand Prix 2014"]
[Site "Baku AZE"]
[Date "2014.10.12"]
[Round "9.2"]
[White "Mamedyarov,S"]
[Black "Gelfand,B"]
[Result "1-0"]
[WhiteElo "2764"]
[BlackElo "2748"]

1.d4 Nf6 2.c4 g6 3.Nf3 Bg7 4.e3 O-O 5.Be2 c5 6.d5 d6 7.O-O e6 8.Nc3 Re8 9.e4 exd5
10.exd5 Bf5 11.Bd3 Bxd3 12.Qxd3 Nbd7 13.Bf4 Qb6 14.b3 a6 15.h3 Re7 16.Rae1 Rae8
17.Rxe7 Rxe7 18.g4 Qc7 19.Kg2 Qb8 20.a3 Re8 21.b4 Bf8 22.Rb1 Qd8 23.b5 a5
24.Bh2 Nb6 25.g5 Nh5 26.Ne4 h6 27.gxh6 Nf6 28.Nfg5 Bxh6 29.Nxf6+ Qxf6 30.Ne4 Qf5
31.Re1 Nd7 32.Bxd6 Bg7 33.Re2 Bd4 34.Bc7 a4 35.b6 Kg7 36.Qf3 Bb2 37.Bf4  1-0

[Event "Baku FIDE Grand Prix 2014"]
[Site "Baku AZE"]
[Date "2014.10.14"]
[Round "11.6"]
[White "Mamedyarov,S"]
[Black "Kasimdzhanov,R"]
[Result "1/2-1/2"]
[WhiteElo "2764"]
[BlackElo "2706"]

1.d4 d5 2.c4 dxc4 3.e4 b5 4.a4 c6 5.axb5 cxb5 6.Nc3 a6 7.Nxb5 axb5 8.Rxa8 Bb7
9.Ra1 e6 10.Nf3 Nf6 11.Be2 Bb4+ 12.Bd2 Bxd2+ 13.Qxd2 Nxe4 14.Qb4 Qd5 15.Ra5 Nd6
16.Ne5 Qxd4 17.Rxb5 Nxb5 18.Qxb5+ Nd7 19.Nxc4 Bd5 20.Ne3 Ke7 21.Qxd5 Qxd5
22.Nxd5+ exd5 23.Kd2 Rb8 24.Kc2 Ne5 25.Ra1 Nc6 26.Kc3 d4+ 27.Kc2 d3+ 28.Bxd3 Nb4+
29.Kc3 Nxd3 30.Kxd3 Rxb2 31.Ke4  1/2-1/2

[Event "Tashkent FIDE GP 2014"]
[Site "Tashkent UZB"]
[Date "2014.10.21"]
[Round "1.2"]
[White "Mamedyarov,S"]
[Black "Andreikin,D"]
[Result "0-1"]
[WhiteElo "2764"]
[BlackElo "2722"]

1.d4 d5 2.c4 c6 3.Nf3 Nf6 4.Nc3 a6 5.e3 e6 6.Qc2 Nbd7 7.b3 Bd6 8.Bb2 O-O
9.Be2 e5 10.cxd5 cxd5 11.dxe5 Nxe5 12.O-O Be6 13.Rac1 Rc8 14.Qb1 Nfg4 15.Nxe5 Bxe5
16.h3 Bh2+ 17.Kh1 Bb8 18.Bxg4 Bxg4 19.Qd3 Qd6 20.f4 Be6 21.Rcd1 Qc5 22.Nxd5 Bxd5
23.Qxd5 Qxd5 24.Rxd5 Ba7 25.e4 Rfe8 26.e5 Rc2 27.Rb1 h5 28.Rd7 Rf2 29.Rxb7 Be3
30.f5 Rxf5 31.Re1 Rf2 32.Rxe3 Rxb2 33.a4 Re6 34.Kh2 h4 35.Re4 f5 36.Rd4 Rc6
37.Rb8+ Kh7 38.Rxh4+ Kg6 39.Rhh8 Rcc2 40.Kg3 Rxg2+ 41.Kh4 Rbe2 42.Rb6+ Kf7
43.e6+ Rxe6 44.Rxe6 Kxe6 45.b4 g5+ 46.Kh5 g4 47.Kh4 g3 48.b5 axb5 49.axb5 f4
50.Rg8 Kd7 51.Rg7+ Kc8  0-1

[Event "Tashkent FIDE GP 2014"]
[Site "Tashkent UZB"]
[Date "2014.10.22"]
[Round "2.1"]
[White "Giri,A"]
[Black "Mamedyarov,S"]
[Result "1/2-1/2"]
[WhiteElo "2768"]
[BlackElo "2764"]

1.d4 d5 2.c4 c6 3.Nf3 Nf6 4.Nc3 e6 5.e3 Nbd7 6.Qc2 a6 7.b3 Bd6 8.Bb2 O-O
9.Be2 e5 10.Nxd5 Nxd5 11.cxd5 Qa5+ 12.Bc3 Bb4 13.Bxb4 Qxb4+ 14.Qd2 Qxd2+
15.Kxd2 exd4 16.Nxd4 cxd5 17.Rhc1 Nf6 18.Rc7 Rd8 19.Rac1 Ne8 20.R7c5 Kf8
21.g4 h6 22.f3 Ke7 23.h3 Kd6 24.f4 Bd7 25.Bf3 Nf6 26.Nf5+ Bxf5 27.gxf5 Rd7
28.Kd3 Re8 29.Rc8 Rxc8 30.Rxc8 Rc7 31.Rb8 Kc5 32.a3 a5 33.Rf8 Kd6 34.Ra8 Rc5
35.Rf8 Rc7 36.Ra8  1/2-1/2

[Event "Tashkent FIDE GP 2014"]
[Site "Tashkent UZB"]
[Date "2014.10.23"]
[Round "3.3"]
[White "Mamedyarov,S"]
[Black "Gelfand,B"]
[Result "1-0"]
[WhiteElo "2764"]
[BlackElo "2748"]

1.d4 Nf6 2.c4 g6 3.Nf3 Bg7 4.e3 O-O 5.Be2 c5 6.d5 d6 7.O-O e6 8.Nc3 exd5
9.cxd5 Bg4 10.e4 Re8 11.Qc2 Nbd7 12.Bf4 Bxf3 13.Bxf3 Ne5 14.Be2 a6 15.a4 Rc8
16.Rae1 Qb6 17.Ra1 c4 18.a5 Qd8 19.Be3 Nfd7 20.Na4 h5 21.h3 Qe7 22.Rac1 Kh7
23.b3 cxb3 24.Qxb3 Nf6 25.Qb4 Rxc1 26.Rxc1 Bh6 27.Bxh6 Kxh6 28.Nb6 Ned7 29.Nxd7 Nxd7
30.Qxb7 Nc5 31.Qxe7 Rxe7 32.f3 f5 33.Rb1 fxe4 34.Rb6 exf3 35.Bxf3 Rd7 36.Kf2 Kg5
37.Ke3 Kf6 38.Kd4 Rd8 39.Be2 Ke7 40.Rc6 Rb8 41.Rc7+ Kf6 42.Rxc5 dxc5+ 43.Kxc5 Rc8+
44.Kb6 Ke5 45.Bxa6 Rc2 46.Bf1 Rf2 47.Bc4 Rxg2 48.a6 Rf2 49.Kc5 Rf8 50.Bb5 Ra8
51.d6 Ke6 52.h4 g5 53.hxg5 h4 54.d7 Ke7 55.g6 h3 56.g7 h2 57.Bc6  1-0

[Event "Tashkent FIDE GP 2014"]
[Site "Tashkent UZB"]
[Date "2014.10.27"]
[Round "6.5"]
[White "Mamedyarov,S"]
[Black "Kasimdzhanov,R"]
[Result "1-0"]
[WhiteElo "2764"]
[BlackElo "2706"]

1.e4 e5 2.Nc3 Nc6 3.g3 g6 4.Bg2 Bg7 5.d3 d6 6.Be3 Nge7 7.h4 h5 8.Qd2 O-O
9.Bh6 Nd4 10.Bxg7 Kxg7 11.Nd1 d5 12.Ne3 Be6 13.f4 dxe4 14.dxe4 f5 15.Nh3 fxe4
16.Ng5 Nef5 17.O-O-O Bxa2 18.fxe5 Nxg3 19.Rhe1 c5 20.Bxe4 Nxe4 21.Nxe4 Qxh4
22.Qg2 Rad8 23.Nf6 Rxf6 24.exf6+ Qxf6 25.Qxb7+ Qf7 26.Qe4 Qf6 27.Qb7+ Qf7
28.Qa6 Be6 29.Kb1 Rb8 30.Qd6 Rb6 31.Qxc5 Nf3 32.Qc3+ Kh7 33.Rf1 Rb8 34.Ng2 Bg4
35.Nh4  1-0

[Event "Tashkent FIDE GP 2014"]
[Site "Tashkent UZB"]
[Date "2014.10.28"]
[Round "7.1"]
[White "Radjabov,T"]
[Black "Mamedyarov,S"]
[Result "1/2-1/2"]
[WhiteElo "2726"]
[BlackElo "2764"]

1.d4 Nf6 2.c4 e6 3.Nf3 d5 4.Nc3 Be7 5.Bf4 O-O 6.a3 b6 7.cxd5 Nxd5 8.Nxd5 exd5
9.e3 c5 10.Ne5 Bf5 11.Bb5 a6 12.Bc6 Nxc6 13.Nxc6 Qd7 14.Nxe7+ Qxe7 15.dxc5 Qxc5
16.O-O Rac8 17.Rc1 Qxc1 18.Qxc1 Rxc1 19.Rxc1 Rc8 20.Rxc8+ Bxc8 21.Kf1 f6
22.Ke2 Bf5 23.Kd2 Kf7 24.Bc7 b5 25.Kc3 Ke6 26.Kd4 h5 27.Kc5 Be4 28.f3 Bd3
29.Kb6 b4 30.axb4 Bf1 31.g3  1/2-1/2

[Event "Tashkent FIDE GP 2014"]
[Site "Tashkent UZB"]
[Date "2014.10.29"]
[Round "8.2"]
[White "Mamedyarov,S"]
[Black "Karjakin,Sergey"]
[Result "1/2-1/2"]
[WhiteElo "2764"]
[BlackElo "2767"]

1.d4 Nf6 2.c4 e6 3.Nc3 Bb4 4.f3 d5 5.a3 Bd6 6.e4 dxe4 7.fxe4 e5 8.d5 O-O
9.Nf3 Bg4 10.h3 Bh5 11.Bd3 Bc5 12.g4 Bg6 13.Bc2 Re8 14.Bg5 h6 15.Bh4 c6 16.b4 Be7
17.O-O a5 18.Nxe5 axb4 19.Nxg6 fxg6 20.e5 Nfd7 21.Bxe7 Qxe7 22.Bxg6 bxc3
23.Bxe8 Qxe8 24.e6 Nf6 25.Qd3 cxd5 26.cxd5 Na6 27.Rae1 Nc7 28.d6 Nxe6 29.Qc4 Kf7
30.Qe4 Rd8 31.Rxf6+ gxf6 32.Qh7+ Kf8 33.Qh8+ Kf7 34.Qh7+ Kf8 35.Rf1 Nf4 36.Qxh6+ Kf7
37.Qh7+ Kf8 38.Qh6+ Kf7 39.Qxf4 Qe6 40.Qf3 Qe5 41.Qxb7+  1/2-1/2

[Event "Tashkent FIDE GP 2014"]
[Site "Tashkent UZB"]
[Date "2014.10.31"]
[Round "9.5"]
[White "Jakovenko,D"]
[Black "Mamedyarov,S"]
[Result "0-1"]
[WhiteElo "2747"]
[BlackElo "2764"]

1.Nf3 f5 2.c4 Nf6 3.g3 g6 4.b4 d6 5.d4 Bg7 6.Bb2 e5 7.dxe5 Nfd7 8.Bg2 dxe5
9.O-O Qe7 10.e4 O-O 11.b5 Nc5 12.Nc3 Be6 13.Nd5 Qd6 14.Ng5 Nbd7 15.Ba3 Bf7
16.Qc2 c6 17.Nb4 a5 18.Rad1 Qf6 19.Nd3 Qxg5 20.Nxc5 Nxc5 21.Bxc5 Rfd8 22.Bb6 Rdc8
23.exf5 Qxf5 24.Be4 Qe6 25.bxc6 bxc6 26.c5 Qxa2 27.Qxa2 Bxa2 28.Rd6 Bc4 29.Rb1 a4
30.Rxc6 a3 31.Rxc8+ Rxc8 32.c6 a2 33.Ra1 Bf8 34.c7 Bd6 35.Bb7 Bxc7 36.Bxc8 Bxb6  0-1

[Event "Tashkent FIDE GP 2014"]
[Site "Tashkent UZB"]
[Date "2014.11.01"]
[Round "10.6"]
[White "Mamedyarov,S"]
[Black "Vachier Lagrave,M"]
[Result "1/2-1/2"]
[WhiteElo "2764"]
[BlackElo "2757"]

1.d4 Nf6 2.c4 g6 3.g3 c5 4.dxc5 Qa5+ 5.Nc3 Bg7 6.Bg2 Nc6 7.Qa4 Qxc5 8.Be3 Qb4
9.Qxb4 Nxb4 10.Rc1 O-O 11.Nh3 d6 12.Nf4 Bf5 13.O-O g5 14.Nh3 h6 15.Bd2 Rac8
16.b3 Nc6 17.f4 gxf4 18.Rxf4 Bd7 19.Rh4 Ne5 20.Bxb7 Ng6 21.Bxc8 Rxc8 22.Nf4 Nxh4
23.gxh4 Kh7 24.Nfd5 Nxd5 25.Nxd5 e6 26.Nf4 Rg8 27.Kf1 Be5 28.Be3 Rg4 29.Nd3 Bxh2
30.Bxa7 e5 31.Bf2 f5 32.Nb4 f4 33.c5 dxc5 34.Rxc5 Rg7 35.Rxe5 f3 36.Re3 fxe2+
37.Kxe2 Bg4+ 38.Kf1 Bd6 39.Nd3 Ra7 40.Bg3 Bf8 41.Nf2 Bh5 42.a4 Rb7 43.Ne4 Bd1
44.Nd2 Bb4 45.Nc4 Bc5 46.Re5 Bb4 47.Rb5 Rxb5 48.axb5 Bxb3 49.Ne5 Bc5 50.Nd7 Bc4+
51.Kg2 Bd4 52.b6 Bd5+ 53.Kf1 Kg6 54.Bf2 Bf6 55.h5+ Kf5 56.Nxf6  1/2-1/2

[Event "Tashkent FIDE GP 2014"]
[Site "Tashkent UZB"]
[Date "2014.11.02"]
[Round "11.2"]
[White "Jobava,Ba"]
[Black "Mamedyarov,S"]
[Result "1/2-1/2"]
[WhiteElo "2717"]
[BlackElo "2764"]

1.d4 Nf6 2.c4 c5 3.d5 e6 4.Nc3 exd5 5.cxd5 d6 6.e4 g6 7.Nf3 Bg7 8.h3 O-O
9.Bd3 b5 10.Nxb5 Nxe4 11.Bxe4 Re8 12.Ng5 Qa5+ 13.Nc3 Ba6 14.Bd2 Nd7 15.Qc2 Rab8
16.O-O-O Ne5 17.Rhe1 Rec8 18.Na4 Rb4 19.f4 Nc4 20.Bf5 Rcb8 21.Bxb4 Qxb4 22.a3 Nxa3
23.bxa3 Qxa3+ 24.Kd2 Qg3 25.Rb1 Qxf4+ 26.Kd1 Rxb1+ 27.Qxb1 Qd4+ 28.Kc1 Qf4+
29.Kd1 gxf5 30.Re8+ Bf8 31.Nxc5 Qd4+ 32.Kc1 Qxc5+ 33.Qc2 Qg1+ 34.Qd1 Qc5+
35.Qc2 Qg1+ 36.Qd1 Qxg2 37.Qh5 Qg1+  1/2-1/2

[Event "Tal Memorial Blitz 2014"]
[Site "Sochi RUS"]
[Date "2014.11.13"]
[Round "1.2"]
[White "Mamedyarov,S"]
[Black "Inarkiev,E"]
[Result "1-0"]
[WhiteElo "2757"]
[BlackElo "2688"]

1.d4 Nf6 2.c4 e6 3.Nc3 d5 4.cxd5 exd5 5.Bf4 Bd6 6.Qd2 c6 7.Nf3 Bf5 8.Ne5 O-O
9.h3 Qe7 10.g4 Ne4 11.Qe3 Nxc3 12.gxf5 Ne4 13.Bg2 Bb4+ 14.Kf1 Bd2 15.Qf3 Nd7
16.Rd1 Bxf4 17.Qxf4 Nxe5 18.dxe5 Rae8 19.Bxe4 dxe4 20.Qxe4 Qxe5 21.Qxe5 Rxe5
22.Rd7 Rb8 23.e3 Rxf5 24.Ke2 Ra5 25.Rhd1 g6 26.a3 Rb5 27.b4 a5 28.R1d4 axb4
29.axb4 Rf5 30.Rc7 Ra8 31.f4 Ra2+ 32.Kf3 Rh2 33.Kg3 Re2 34.e4 Rh5 35.Rd8+ Kg7
36.Rdd7 Re3+ 37.Kf2 Rhxh3 38.Rxf7+ Kg8 39.Rg7+ Kh8 40.Rxh7+ Rxh7 41.Rxh7+ Kxh7
42.Kxe3 Kg7 43.Kd4 b6 44.Ke5 c5 45.bxc5 bxc5 46.Kd5 Kf6 47.Kxc5 Ke6 48.Kc6 Ke7
49.Kc7 Ke6 50.Kd8 Kd6 51.Ke8 Ke6 52.Kf8 Kf6 53.e5+ Kf5 54.Kf7 Kxf4 55.e6  1-0

[Event "Tal Memorial Blitz 2014"]
[Site "Sochi RUS"]
[Date "2014.11.13"]
[Round "2.2"]
[White "Nepomniachtchi,I"]
[Black "Mamedyarov,S"]
[Result "0-1"]
[WhiteElo "2714"]
[BlackElo "2757"]

1.e4 e5 2.Nf3 Nf6 3.Nxe5 d6 4.Nf3 Nxe4 5.d4 d5 6.Bd3 Nc6 7.O-O Be7 8.Nc3 Nxc3
9.bxc3 O-O 10.h3 Re8 11.Rb1 b6 12.Re1 Bd6 13.Bg5 Rxe1+ 14.Qxe1 f6 15.Be3 Qe8
16.c4 dxc4 17.Bxc4+ Be6 18.Qc3 Na5 19.Bb5 c6 20.Bd3 Bxa2 21.Re1 Qh5 22.Nd2 Re8
23.Ne4 Bf8 24.Ng3 Qf7 25.Bf4 Rxe1+ 26.Qxe1 Bc4 27.Be4 Qe6 28.Qd1 g6 29.h4 Bd5
30.Bd3 Nc4 31.Bc1 Bd6 32.h5 Bxg3 33.fxg3 Kf7 34.hxg6+ hxg6 35.Kf2 Be4 36.Qh1 Kg8
37.Qe1 Nd6 38.Bf4 Kf7 39.Qh1 g5 40.Bxd6 Bxd3 41.cxd3 Qxd6 42.Qh7+ Ke6 43.Qxa7 Qxd4+
44.Ke2 Qe5+ 45.Kf3 Qf5+ 46.Ke3 Qc5+ 47.Kf3 Qd5+ 48.Kf2 b5 49.Qc7 Qd4+ 50.Kf1 Qxd3+
51.Kg1 Qd6 52.Qc8+ Ke5 53.Kh2 b4 54.Qg4 Qd4 55.Qf3 c5 56.Qe2+ Kd5 57.Qa2+ Qc4
58.Qf2 Qc3 59.Qf5+ Kd6 60.Qc8 b3 61.Qd8+ Ke5 62.Qe7+ Kd5 63.Qd7+ Ke4 64.Qg4+ Ke3
65.Qf3+ Kd2 66.Qf2+ Kc1 67.Qf1+ Kb2  0-1

[Event "Tal Memorial Blitz 2014"]
[Site "Sochi RUS"]
[Date "2014.11.13"]
[Round "3.1"]
[White "Mamedyarov,S"]
[Black "Kosteniuk,A"]
[Result "1-0"]
[WhiteElo "2757"]
[BlackElo "2541"]

1.d4 Nf6 2.c4 e6 3.Nc3 Bb4 4.f3 d5 5.a3 Bxc3+ 6.bxc3 c5 7.cxd5 Nxd5 8.dxc5 Qa5
9.e4 Nf6 10.Be3 O-O 11.Kf2 Na6 12.Rb1 Nd7 13.Qd6 Qxa3 14.Bxa6 Qxa6 15.Qxa6 bxa6
16.Ne2 Ne5 17.Rhd1 a5 18.Bf4 Nc4 19.Bd6 Re8 20.Nd4 Ba6 21.e5 f6 22.f4 fxe5
23.fxe5 a4 24.c6 Rec8 25.c7 Re8 26.Rb4 Nb6 27.Nc6 Kf7 28.Bc5 Nd5 29.Rxa4 Bb5
30.Nd8+ Kg6 31.Rg4+ Kf5 32.Rxg7 Nxc7 33.g4+ Ke4 34.Rd4+ Kxe5 35.Be7 Nd5 36.Nf7+  1-0

[Event "Tal Memorial Blitz 2014"]
[Site "Sochi RUS"]
[Date "2014.11.13"]
[Round "4.3"]
[White "Mamedyarov,S"]
[Black "Morozevich,A"]
[Result "1/2-1/2"]
[WhiteElo "2757"]
[BlackElo "2724"]

1.d4 d5 2.c4 c6 3.Nc3 Nf6 4.e3 a6 5.Qc2 b5 6.b3 Bg4 7.Bd3 Bh5 8.Nge2 Bg6
9.Nf4 Bxd3 10.Nxd3 e6 11.O-O Nbd7 12.c5 a5 13.b4 a4 14.f4 Be7 15.Ne5 Qc7
16.e4 dxe4 17.Nxe4 Nd5 18.Bd2 O-O 19.Rae1 f6 20.Nf3 Rf7 21.g3 Nf8 22.a3 Qd7
23.Re2 Ra7 24.Rfe1 Qd8 25.Nf2 Rd7 26.Re4 Qc8 27.Qd3 Bd8 28.Qe2 Bc7 29.Qf1 h6
30.Qh3 Rd8 31.R4e2 Qd7 32.Nh4 Ne7 33.Bc3 Qd5 34.Qg4 h5 35.Qh3 g5 36.fxg5 fxg5
37.Re5 Bxe5 38.Rxe5 Qb3 39.Rxg5+ Rg7 40.Rxg7+ Kxg7 41.g4 Nd5 42.Bd2 Qxh3
43.Nxh3 hxg4 44.Ng5 Ne7 45.Bf4 Neg6 46.Nxg6 Kxg6 47.Kf2 Kf5 48.Ke3 Ng6 49.Nf7 Rh8
50.Nxh8 Nxh8 51.Be5 Ng6 52.Bg3 Ne7 53.Bd6 Nd5+ 54.Kd3 Nf6 55.Be5 Ne4 56.Bc7 Ng5
57.Bd6 Nf3 58.Bg3 e5 59.dxe5 Nxe5+ 60.Bxe5 Kxe5 61.Ke3 Kf5 62.Kf2 Kf4 63.Kg2  1/2-1/2

[Event "Tal Memorial Blitz 2014"]
[Site "Sochi RUS"]
[Date "2014.11.13"]
[Round "5.3"]
[White "Kramnik,V"]
[Black "Mamedyarov,S"]
[Result "0-1"]
[WhiteElo "2760"]
[BlackElo "2757"]

1.d4 d5 2.c4 c6 3.Nf3 Nf6 4.Nc3 e6 5.Bg5 Nbd7 6.cxd5 cxd5 7.e3 Be7 8.Bd3 b6
9.O-O Bb7 10.Qe2 O-O 11.Rfc1 h6 12.Bf4 Nh5 13.Be5 a6 14.h3 Nxe5 15.dxe5 g6
16.Nd4 Ng7 17.Qg4 Rc8 18.Nce2 Rxc1+ 19.Rxc1 Qb8 20.f4 Rc8 21.Rf1 Rc7 22.Bxg6 fxg6
23.Qxg6 Qe8 24.Qxh6 Bf8 25.Qg5 Bc8 26.Ng3 Kh7 27.Qh4+ Kg8 28.Qg4 Kh7 29.Kh2 Qg6
30.Qh4+ Kg8 31.Qd8 Qf7 32.Qg5 Be7 33.Qg4 Kh7 34.f5 exf5 35.Ngxf5 Nxf5 36.Nxf5 Qg6
37.Qxg6+ Kxg6 38.Nd4 Bg5 39.Rf3 Re7 40.Rf8 Bd7 41.Rg8+ Rg7 42.Rb8 Bxe3 43.Nf3 Kh7
44.g4 Bc6 45.Kg3 Rf7 46.e6 Re7 47.Rc8 Bb7 48.Rd8 Bc6 49.Rd6 Be8 50.h4 Bc5
51.Ng5+ Kg6 52.Rxd5 Be3 53.Kf3 Bc6 54.h5+ Kh6 55.Nf7+ Kg7 56.h6+ Kh7 57.Ke4 Rxe6+
58.Ne5 Bxh6  0-1

[Event "Tal Memorial Blitz 2014"]
[Site "Sochi RUS"]
[Date "2014.11.13"]
[Round "6.3"]
[White "Mamedyarov,S"]
[Black "Svidler,P"]
[Result "1/2-1/2"]
[WhiteElo "2757"]
[BlackElo "2743"]

1.d4 Nf6 2.c4 g6 3.g3 c6 4.Bg2 d5 5.cxd5 cxd5 6.Nc3 Bg7 7.Nf3 O-O 8.Ne5 b6
9.O-O Bb7 10.Bf4 Nc6 11.Rc1 Rc8 12.Qa4 a6 13.Nxc6 Rxc6 14.Be5 e6 15.Nxd5 Rxc1
16.Nxf6+ Bxf6 17.Rxc1 Bxe5 18.Bxb7 Qxd4 19.Qxd4 Bxd4 20.b4 a5 21.e3 Bb2 22.Rc4 Rb8
23.Bf3 axb4 24.Rxb4 Ba3 25.Rb5 Bc5 26.a4 Rc8 27.a5 bxa5 28.Rxa5  1/2-1/2

[Event "Tal Memorial Blitz 2014"]
[Site "Sochi RUS"]
[Date "2014.11.13"]
[Round "7.3"]
[White "Tomashevsky,E"]
[Black "Mamedyarov,S"]
[Result "0-1"]
[WhiteElo "2714"]
[BlackElo "2757"]

1.d4 d5 2.c4 c6 3.Nf3 Nf6 4.Nc3 e6 5.Bg5 Nbd7 6.e3 Bb4 7.cxd5 exd5 8.Bd3 O-O
9.O-O Re8 10.Qc2 h6 11.Bh4 Be7 12.Rab1 Ne4 13.Bxe4 Bxh4 14.Bh7+ Kh8 15.Bf5 g6
16.Bh3 Kg7 17.b4 Nb6 18.Bxc8 Rxc8 19.Nd2 Be7 20.a4 Bd6 21.Qd3 a6 22.g3 Qe7
23.Na2 Nxa4 24.Nb3 Nb6 25.Nc5 Nc4 26.Nc3 b6 27.Nxa6 Ra8 28.b5 cxb5 29.Nb4 Bxb4
30.Nxd5 Ra3 31.Qc2 Qd6 32.Nxb4 Ra4 33.Qc3 h5 34.Nd3 Ra3 35.Qc2 Qd7 36.Ne5 Nxe5
37.dxe5 Rd3 38.Rfd1 Rxd1+ 39.Rxd1 Qe6 40.Rd6 Qxe5 41.Rxb6 Rb8 42.Rxb8 Qxb8
43.Qc3+ Kg8 44.Qb4 Qb7 45.h4 Qc6 46.Qe7 Qc1+ 47.Kg2 Qc6+ 48.e4 Qb6 49.Qe8+ Kg7
50.Qe5+ Kf8 51.Qh8+ Ke7 52.Qe5+ Kd7 53.Qd5+ Ke8 54.Qe5+ Kd8 55.Qd5+ Kc8 56.Qxf7 b4
57.Qb3 Kd7 58.e5 Ke7 59.Kf3 Qc6+ 60.Ke3 Qc5+ 61.Ke4 Qc6+ 62.Kd4 Qb6+ 63.Ke4 Qc5
64.f4 Qc6+ 65.Kd4 Qb5 66.Ke4 Qc5 67.Qa4 Qc4+ 68.Ke3 Qc3+ 69.Ke4 b3 70.Qa7+ Kd8
71.Qb6+ Kc8 72.Qa6+ Kc7 73.Qa7+ Kc6 74.Qa6+ Kc5 75.Qd3 Qc4+ 76.Ke3 Qc1+ 77.Kf3 b2
78.Qa3+ Kc4 79.Qa4+ Kc3 80.Qc6+ Kd2 81.Qd6+ Ke1 82.Qb4+ Kf1 83.Qb5+ Kg1 84.Qb6+ Kh1  0-1

[Event "Tal Memorial Blitz 2014"]
[Site "Sochi RUS"]
[Date "2014.11.13"]
[Round "8.3"]
[White "Mamedyarov,S"]
[Black "Grischuk,A"]
[Result "1-0"]
[WhiteElo "2757"]
[BlackElo "2795"]

1.d4 Nf6 2.c4 g6 3.g3 c5 4.dxc5 Qa5+ 5.Nc3 Bg7 6.Bg2 Qxc5 7.Qa4 Ng4 8.Nh3 Ne5
9.Bd5 Nbc6 10.Be3 Qb4 11.Qb5 a6 12.Qb6 e6 13.Bxc6 Qxb6 14.Bxb6 Nxc4 15.Bc5 dxc6
16.O-O-O b6 17.Bd6 Nxd6 18.Rxd6 Be5 19.Rd3 Ke7 20.Rhd1 Bc7 21.Ng5 h6 22.Nf3 c5
23.Ne4 a5 24.a4 Rd8 25.Rxd8 Bxd8 26.Ne5 Bc7 27.Nc6+ Kf8 28.Nf6 Bb7 29.Ne5 Bxe5
30.Nd7+ Ke8 31.Nxe5 Bd5 32.f3 Rb8 33.e4 Bb3 34.Rd7 f6 35.Rh7 Rc8 36.Rh8+  1-0

[Event "Tal Memorial Blitz 2014"]
[Site "Sochi RUS"]
[Date "2014.11.13"]
[Round "9.3"]
[White "Gelfand,B"]
[Black "Mamedyarov,S"]
[Result "0-1"]
[WhiteElo "2759"]
[BlackElo "2757"]

1.d4 d5 2.c4 c6 3.Nf3 Nf6 4.e3 Bg4 5.h3 Bh5 6.Nc3 e6 7.g4 Bg6 8.Ne5 Nbd7
9.Nxg6 hxg6 10.Bd2 g5 11.cxd5 cxd5 12.Qb3 Qb8 13.Bg2 Be7 14.O-O-O Nb6 15.e4 Nxe4
16.Nxe4 dxe4 17.Qb5+ Kf8 18.Bxe4 Qc7+ 19.Kb1 Qc4 20.Qxc4 Nxc4 21.Bc1 Nd6
22.Bg2 Rd8 23.Rhe1 Bf6 24.f4 gxf4 25.Bxf4 g5 26.Bg3 Kg7 27.Rd3 Rhe8 28.Red1 Nb5
29.Bf2 Re7 30.a4 Nd6 31.Ka2 Rc7 32.Rc3 Rcd7 33.Rc2 Nc8 34.Rc4 Ne7 35.Rdc1 Nd5
36.Bf3 b6 37.Kb3 Nf4 38.Rc7 Rxc7 39.Rxc7 Nxh3 40.Be1 Rxd4 41.Be2 Re4  0-1

[Event "Tal Memorial Blitz 2014"]
[Site "Sochi RUS"]
[Date "2014.11.13"]
[Round "10.3"]
[White "Mamedyarov,S"]
[Black "Karjakin,Sergey"]
[Result "1-0"]
[WhiteElo "2757"]
[BlackElo "2770"]

1.d4 d5 2.c4 dxc4 3.e4 Nf6 4.e5 Nd5 5.Bxc4 Nb6 6.Bd3 Nc6 7.Ne2 Bg4 8.f3 Be6
9.Nbc3 Qd7 10.Ne4 Bd5 11.Be3 e6 12.O-O Nb4 13.Bb1 Bc6 14.a3 N4d5 15.Bf2 O-O-O
16.b3 f5 17.Nc5 Qf7 18.Qc2 g5 19.a4 Nb4 20.Qc1 N6d5 21.Qxg5 Rg8 22.Qd2 Qg6
23.Bg3 h5 24.Rf2 Be7 25.Nd3 h4 26.Bf4 Qh5 27.a5 a6 28.Nxb4 Bxb4 29.Qc1 Bb5
30.Ra2 Bxe2 31.Raxe2 Bxa5 32.Rc2 Bb6 33.Rc4 Rg7 34.b4 Kb8 35.Ba2 c6 36.Bd2 Rgd7
37.Kh1 Nc7 38.Be3 Nb5 39.h3 Bxd4 40.Bxd4 Nxd4 41.Qe3 Nb5 42.Rc1 Nc7 43.Rff1  1-0

[Event "Tal Memorial Blitz 2014"]
[Site "Sochi RUS"]
[Date "2014.11.13"]
[Round "11.3"]
[White "Leko,P"]
[Black "Mamedyarov,S"]
[Result "0-1"]
[WhiteElo "2731"]
[BlackElo "2757"]

1.e4 e5 2.Nf3 Nc6 3.Bb5 a6 4.Ba4 Nf6 5.O-O Be7 6.d3 d6 7.c3 Bg4 8.Be3 Nd7
9.Nbd2 O-O 10.h3 Bh5 11.Re1 Kh8 12.Nf1 Bxf3 13.Qxf3 Bg5 14.Rad1 g6 15.d4 b5
16.Bc2 Kg7 17.g3 Rb8 18.h4 Bxe3 19.Nxe3 Qf6 20.Qe2 Rfe8 21.Nd5 Qd8 22.Qf3 Nf6
23.Ne3 h5 24.a3 Nd7 25.Qe2 Nb6 26.Kg2 Qf6 27.Qd2 Rbd8 28.d5 Ne7 29.a4 c6
30.dxc6 bxa4 31.Qd3 d5 32.c7 Rd7 33.exd5 Nexd5 34.Nxd5 Rxd5 35.Qe4 Rc5 36.Qb7 Rc8
37.Qxa6 R5xc7 38.Re4 Nc4 39.Qxf6+ Kxf6 40.Bxa4 Nxb2 41.Rd6+ Kg7 42.Bb3 Rxc3
43.Bd5 Nd3 44.Bxf7 Kxf7 45.Re3 Nb4 46.Rxe5 R3c6 47.Rd7+ Kf6 48.Ree7 Rf8 49.Re4 Na6
50.Rf4+ Ke6 51.Rxf8  0-1